Preparación y evaluación de proyectos
Saved in:
| Main Authors: | , , |
|---|---|
| Format: | Bog |
| Sprog: | spansk |
| Udgivet: |
Ciudad de México, México.
McGraw Hill,
2014
|
| Udgivelse: | Sexta edición |
| Fag: | |
| Tags: |
Tilføj Tag
Ingen Tags, Vær først til at tagge denne postø!
|
MARC
| LEADER | 00000cam a2200000 a 4500 | ||
|---|---|---|---|
| 001 | UCE6865 | ||
| 003 | CL-VaPUC | ||
| 005 | 20231123110737.0 | ||
| 008 | 150507e20140000mx |||||||||||||||||spa|d | ||
| 999 | |c 359044 |d 359042 | ||
| 020 | |a 9786071511447 | ||
| 040 | |c Pontificia Universidad Católica de Valparaíso | ||
| 082 | 0 | 4 | |a 658.404 SAP 2014 |2 21 |
| 100 | 0 | |a Sapag Chain, Nassir |e author |9 579491 | |
| 245 | 1 | 0 | |a Preparación y evaluación de proyectos |
| 250 | |a Sexta edición | ||
| 260 | |a Ciudad de México, México. |b McGraw Hill, |c 2014 | ||
| 300 | |a 354 páginas | ||
| 583 | |a last modification |c 20190717 09:59:44 |k Rodrigo Vera | ||
| 650 | 0 | |a Estudios de proyectos |2 CL-VaPUC |9 360457 | |
| 650 | 0 | |a Evaluación de proyectos |9 259341 | |
| 650 | 0 | |a Gestión de proyectos |9 260970 | |
| 650 | 0 | |a Análisis de costos |9 315627 | |
| 650 | 0 | |a Proyectos de desarrollo |9 261582 | |
| 650 | 0 | |a Planes de desarrollo |2 CL-VaPUC |9 381444 | |
| 650 | 0 | |a Investigación operativa |9 259383 | |
| 700 | 0 | |a Sapag Chain, Reinaldo |e author |9 579492 | |
| 700 | 0 | |a Sapag Puelma, José Manuel |e author |9 579493 | |
| 852 | |a BIBGIM | ||
| 942 | |c BK |2 ddc | ||
| 945 | |d 20150507 00:22:00 |a arojas | ||
| 952 | |0 0 |1 0 |3 erb |4 0 |6 658_404000000000000_SAP_2014 |7 0 |8 R |9 468034 |a BIBENE |b BIBENE |i 5149142 |l 18 |m 4 |o 658.404 SAP 2014 |p 5149142 |r 2025-04-23 |s 2025-04-21 |w 2019-11-23 |y BK_R |z Catalogado en:20150507 |k ICO | ||
| 952 | |0 0 |1 0 |3 erb |4 0 |6 658_404000000000000_SAP_2014 |7 0 |8 R |9 468035 |a BIBENE |b BIBENE |i 5149150 |l 13 |m 2 |o 658.404 SAP 2014 |p 5149150 |r 2025-04-02 |s 2025-03-31 |w 2019-11-23 |y BK_R |z Catalogado en:20150507 |k ICO | ||
| 952 | |0 0 |1 0 |3 erb |4 0 |6 658_404000000000000_SAP_2014 |7 0 |8 R |9 468036 |a BIBENE |b BIBENE |i 5149169 |l 7 |o 658.404 SAP 2014 |p 5149169 |r 2025-03-18 |s 2025-03-17 |w 2019-11-23 |y BK_R |z Catalogado en:20150507 |k ICO | ||
| 952 | |0 0 |1 0 |3 erb |4 0 |6 658_404000000000000_SAP_2014 |7 0 |8 R |9 468037 |a BIBENE |b BIBENE |i 5192684 |l 14 |m 2 |o 658.404 SAP 2014 |p 5192684 |r 2025-04-15 |s 2025-04-15 |w 2019-11-23 |y BK_R |z Catalogado en:20150731 |k ICO | ||
| 952 | |0 0 |1 0 |3 erb |4 0 |6 658_404000000000000_SAP_2014 |7 0 |8 R |9 468038 |a BIBENE |b BIBENE |i 5371627 |l 11 |m 10 |o 658.404 SAP 2014 |p 5371627 |q 2025-07-15 |r 2025-01-22 |s 2025-01-22 |w 2019-11-23 |y BK_R |z Catalogado en:20170407 |k ICO | ||
| 952 | |0 0 |1 0 |3 erb |4 0 |6 658_404000000000000_SAP_2014 |7 0 |8 R |9 468039 |a BIBENE |b BIBENE |i 5371619 |l 16 |m 2 |o 658.404 SAP 2014 |p 5371619 |r 2025-04-21 |s 2025-04-21 |w 2019-11-23 |y BK_R |z Catalogado en:20170407 |k ICO | ||
| 952 | |0 0 |1 0 |3 erb |4 0 |6 658_404000000000000_SAP_2014 |7 0 |8 A |9 468040 |a BIBCUR |b BIBCUR |i 5479347 |o 658.404 SAP 2014 |p 5479347 |r 2025-04-22 |w 2019-11-23 |y BK |z Catalogado en:20180706 |k QUI | ||
| 952 | |0 0 |1 0 |3 erb |4 0 |6 658_404000000000000_SAP_2014 |7 0 |8 A |9 468041 |a BIBCUR |b BIBCUR |i 5479339 |o 658.404 SAP 2014 |p 5479339 |r 2025-04-22 |w 2019-11-23 |y BK |z Catalogado en:20180706 |k QUI | ||
| 952 | |0 0 |1 0 |3 erb |4 0 |6 658_404000000000000_SAP_2014 |7 0 |8 A |9 468042 |a BIBING |b BIBING |i 5500524 |l 4 |m 1 |o 658.404 SAP 2014 |p 5500524 |r 2025-01-20 |s 2023-12-04 |w 2019-11-23 |y BK |z Catalogado en:20180907 |k EIB | ||
| 952 | |0 0 |1 0 |3 erb |4 0 |6 658_404000000000000_SAP_2014 |7 0 |8 A |9 468043 |a BIBING |b BIBING |i 5500516 |l 3 |m 2 |o 658.404 SAP 2014 |p 5500516 |r 2025-01-20 |s 2023-11-27 |w 2019-11-23 |y BK |z Catalogado en:20180907 |k EIB | ||
| 952 | |0 0 |1 0 |3 erb |4 0 |6 658_404000000000000_SAP_2014 |7 0 |8 A |9 468044 |a BIBING |b BIBING |i 5500508 |o 658.404 SAP 2014 |p 5500508 |r 2025-01-20 |w 2019-11-23 |y BK |z Catalogado en:20180907 |k EIB | ||
| 952 | |0 0 |1 0 |3 erb |4 0 |6 658_404000000000000_SAP_2014 |7 0 |8 A |9 468045 |a BIBING |b BIBING |i 5500494 |l 1 |o 658.404 SAP 2014 |p 5500494 |r 2025-01-20 |s 2023-11-02 |w 2019-11-23 |y BK |z Catalogado en:20180907 |k EIB | ||
| 952 | |0 0 |1 0 |3 erb |4 0 |6 658_404000000000000_SAP_2014 |7 0 |8 A |9 468046 |a BIBING |b BIBING |i 5500486 |l 4 |m 3 |o 658.404 SAP 2014 |p 5500486 |r 2025-01-20 |s 2024-11-28 |w 2019-11-23 |y BK |z Catalogado en:20180907 |k EIB | ||
| 952 | |0 0 |1 0 |3 erb |4 0 |6 658_404000000000000_SAP_2014 |7 0 |8 A |9 468047 |a BIBING |b BIBING |i 5500478 |o 658.404 SAP 2014 |p 5500478 |r 2025-01-20 |w 2019-11-23 |y BK |z Catalogado en:20180907 |k EIB | ||
| 952 | |0 0 |1 0 |3 erb |4 0 |6 658_404000000000000_SAP_2014 |7 0 |8 A |9 468048 |a BIBING |b BIBING |i 550046K |l 2 |o 658.404 SAP 2014 |p 550046K |r 2025-01-20 |s 2022-09-05 |w 2019-11-23 |y BK |z Catalogado en:20180907 |k EIB | ||
| 952 | |0 0 |1 0 |3 erb |4 0 |6 658_404000000000000_SAP_2014 |7 0 |8 A |9 468049 |a BIBING |b BIBING |i 5500451 |l 2 |m 5 |o 658.404 SAP 2014 |p 5500451 |q 2024-12-13 |r 2024-01-25 |s 2024-01-25 |w 2019-11-23 |y BK |z Catalogado en:20180907 |k EIB | ||
| 952 | |0 0 |1 0 |3 erb |4 0 |6 658_404000000000000_SAP_2014 |7 0 |8 R |9 468050 |a BIBGIM |b BIBGIM |i 5521998 |l 3 |m 1 |o 658.404 SAP 2014 |p 5521998 |r 2025-01-15 |s 2024-10-02 |w 2019-11-23 |y BK_R |z Catalogado en:20181207 |k COM | ||
| 952 | |0 0 |1 0 |3 erb |4 0 |6 658_404000000000000_SAP_2014 |7 0 |8 R |9 468051 |a BIBGIM |b BIBGIM |i 5521610 |o 658.404 SAP 2014 |p 5521610 |r 2025-01-15 |w 2019-11-23 |y BK_R |z Catalogado en:20181207 |k COM | ||
| 952 | |0 0 |1 0 |3 erb |4 0 |6 658_404000000000000_SAP_2014 |7 0 |8 R |9 468052 |a BIBGIM |b BIBGIM |i 5521602 |o 658.404 SAP 2014 |p 5521602 |r 2025-01-15 |w 2019-11-23 |y BK_R |z Catalogado en:20181207 |k COM | ||
| 952 | |0 0 |1 0 |3 erb |4 0 |6 658_404000000000000_SAP_2014 |7 0 |8 R |9 468053 |a BIBGIM |b BIBGIM |d 2019-06-03 |e 1 |g 58525.00 |i 5550912 |o 658.404 SAP 2014 |p 5550912 |r 2025-01-15 |v 58525.00 |w 2019-11-23 |y BK_R |z Catalogado en:20190607 |k COM | ||
| 952 | |0 0 |1 0 |2 ddc |3 erb |4 0 |6 658_404000000000000_SAP_2014 |7 0 |8 R |9 468054 |a BIBGIM |b BIBGIM |d 2019-06-03 |e 2 |g 43765.00 |i 5550904 |o 658.404 SAP 2014 |p 5550904 |r 2025-01-15 |v 43765.00 |w 2019-11-23 |y BK_R |z Catalogado en:20190607 |k COM | ||
| 952 | |0 0 |1 0 |3 erb |4 0 |6 658_404000000000000_SAP_2014 |7 0 |8 R |9 468055 |a BIBGIM |b BIBGIM |d 2019-06-03 |e 2 |g 43765.00 |i 5550890 |o 658.404 SAP 2014 |p 5550890 |r 2025-01-15 |v 43765.00 |w 2019-11-23 |y BK_R |z Catalogado en:20190607 |k COM | ||
| 952 | |0 0 |1 0 |2 ddc |3 erb |4 0 |6 658_404000000000000_SAP_2014 |7 0 |8 R |9 468056 |a BIBGIM |b BIBGIM |d 2019-07-08 |e 2 |g 34924.00 |i 5555507 |l 1 |m 1 |o 658.404 SAP 2014 |p 5555507 |r 2025-01-15 |s 2022-03-09 |v 34924.00 |w 2019-11-23 |y BK_R |z Catalogado en:20190712 |k COM | ||
| 952 | |0 0 |1 0 |2 ddc |3 erb |4 0 |6 658_404000000000000_SAP_2014 |7 0 |8 R |9 468057 |a BIBGIM |b BIBGIM |d 2019-07-08 |e 2 |g 33997.00 |i 5555493 |l 1 |o 658.404 SAP 2014 |p 5555493 |r 2025-01-15 |s 2023-10-24 |v 33997.00 |w 2019-11-23 |y BK_R |z Catalogado en:20190712 |k COM | ||